000 00597nam a22001937a 4500
005 20251108172719.0
008 250721s2000 xx 000 0 ara d
082 1 4 _a158.25/عثم
100 1 _aعثمان، أكرم مصباح
_eمؤلف
245 1 0 _aالأسرار العجيبة للإستماع والإنصات /
264 1 _aبيروت :
_bدار إبن حزم،
_c2000.
300 _a187ص
650 1 7 _aالإتصال
650 1 7 _aعملية الإتصال
650 1 7 _aالصداقة
650 1 7 _aالعلاقات بين الأفراد
942 _2ddc
_cBK
999 _c86621
_d86621